[Event "COL-chT (Women)"]
[Site "Risaralda"]
[Date "2023.11.19"]
[Round "2.1"]
[White "Valencia Lopez, Daily Vanessa"]
[Black "Ladron De Guevara Mendez, Lorena"]
[Result "1-0"]
[WhiteElo "1719"]
[BlackElo "1357"]
[PlyCount "58"]
[EventDate "2023.11.19"]
[EventType "team-swiss"]
[EventRounds "7"]
[EventCountry "COL"]
[SourceTitle "CB49_2023"]
[SourceDate "2023.12.06"]
[SourceVersion "1"]
[SourceVersionDate "2023.12.06"]
[SourceQuality "1"]
[WhiteTeam "Caqueta (W)"]
[BlackTeam "Atlantico (W)"]
[WhiteTeamCountry "COL"]
[BlackTeamCountry "COL"]

1. e4 e5 2. Nf3 Nc6 3. Bb5 a6 4. Ba4 Nf6 5. 0-0 Be7 6. Re1 b5 7. Bb3 0-0 8. c3 d5 9. exd5 Nxd5 10. Nxe5 Nxe5 11. Rxe5 c6 12. d4 Bd6 13. Re1 Qh4 14. g3 Qh3 15. Bxd5 cxd5 16. Qf3 Bg4 17. Qxd5 Rae8 18. Be3 Re6 19. Nd2 Rfe8 20. Qg2 Qh5 21. h4 Bf4 22. d5 Bxe3 23. dxe6 Bxd2 24. exf7+ Qxf7 25. Rxe8+ Qxe8 26. Qd5+ Qe6 27. Qxd2 Bf3 28. Qe3 Qf7 29. Re1 Bd5 1-0

[Event "COL-ch U2000"]
[Site "Pereira"]
[Date "2022.02.18"]
[Round "5"]
[White "Valdes, Nicolas"]
[Black "Valencia Lopez, Daily Vanessa"]
[Result "1-0"]
[WhiteElo "1916"]
[BlackElo "1714"]
[PlyCount "80"]
[EventDate "2022.02.16"]
[EventType "swiss"]
[EventRounds "9"]
[EventCountry "COL"]
[SourceTitle "CBM 207 Extra"]
[Source "ChessBase"]
[SourceDate "2022.05.31"]
[SourceVersion "1"]
[SourceVersionDate "2022.05.31"]
[SourceQuality "1"]

1. e4 c5 2. c3 d5 3. exd5 Qxd5 4. Nf3 Nf6 5. d4 Bg4 6. Be2 e6 7. 0-0 Nc6 8. Qa4 Be7 9. Rd1 0-0 10. h3 Bh5 11. dxc5 Qxc5 12. Be3 Qa5 13. Qxa5 Nxa5 14. g4 Bg6 15. Ne5 Nd5 16. Bd4 Nf4 17. Bf1 Be4 18. f3 Bg6 19. Nxg6 Nxg6 20. Nd2 Rad8 21. Ne4 Nc6 22. Be3 b6 23. f4 Rxd1 24. Rxd1 Rd8 25. Rxd8+ Bxd8 26. Kh2 Bc7 27. Kg3 Kf8 28. Bb5 Nce7 29. c4 f6 30. h4 Kf7 31. h5 Nf8 32. Kf3 e5 33. c5 exf4 34. Bd4 Ne6 35. Bc4 Nc6 36. Bc3 Be5 37. Nd6+ Ke7 38. Nf5+ Kf7 39. Nxg7 Kxg7 40. Bxe6 Kh6 1-0

[Event "COL-ch U2000"]
[Site "Pereira"]
[Date "2022.02.17"]
[Round "3"]
[White "Bolanos Lopez, Juan Jacobo"]
[Black "Valencia Lopez, Daily Vanessa"]
[Result "1/2-1/2"]
[WhiteElo "1790"]
[BlackElo "1714"]
[PlyCount "90"]
[EventDate "2022.02.16"]
[EventType "swiss"]
[EventRounds "9"]
[EventCountry "COL"]
[SourceTitle "CBM 207 Extra"]
[Source "ChessBase"]
[SourceDate "2022.05.31"]
[SourceVersion "1"]
[SourceVersionDate "2022.05.31"]
[SourceQuality "1"]

1. e4 c5 2. c3 d5 3. exd5 Qxd5 4. d4 Nf6 5. Nf3 Bg4 6. Be2 e6 7. h3 Bh5 8. 0-0 cxd4 9. cxd4 Nc6 10. Nc3 Qd8 11. Be3 Be7 12. a3 0-0 13. Rc1 a6 14. g4 Bg6 15. Ne5 Rc8 16. Nxg6 hxg6 17. Bf3 Qd6 18. d5 Nxd5 19. Nxd5 exd5 20. Qxd5 Rfd8 21. Qxd6 Rxd6 22. Rfe1 Bf8 23. Kg2 b5 24. Bc5 Rf6 25. g5 Rxf3 26. Kxf3 Bxc5 27. Rxc5 Nd4+ 28. Ke4 Rxc5 29. Kxd4 Rc4+ 30. Kd3 Kf8 31. Re4 Rc1 32. Kd2 Rc5 33. h4 Rc6 34. Kd3 f6 35. f4 Kf7 36. a4 bxa4 37. Rxa4 Ke6 38. Ke4 Rb6 39. gxf6 gxf6 40. b4 f5+ 41. Kd4 Rd6+ 42. Kc5 Kd7 43. Ra5 Rc6+ 44. Kd4 Ke6 45. Re5+ Kf6 1/2-1/2

[Event "COL Subzt 2.3.4"]
[Site "Risarald"]
[Date "2021.11.26"]
[Round "6"]
[White "Ortiz Monsalve, Sebastian"]
[Black "Valencia Lopez, Daily Vanessa"]
[Result "0-1"]
[WhiteElo "1472"]
[BlackElo "1718"]
[PlyCount "68"]
[EventDate "2021.11.23"]
[EventType "swiss"]
[EventRounds "9"]
[EventCountry "COL"]
[SourceTitle "CBM 205 Extra"]
[Source "ChessBase"]
[SourceDate "2022.01.31"]
[SourceVersion "1"]
[SourceVersionDate "2022.01.31"]
[SourceQuality "1"]

1. e4 c5 2. Nf3 d6 3. d4 cxd4 4. Nxd4 Nf6 5. Nc3 a6 6. f3 e5 7. Nb3 Be6 8. Be3 Nbd7 9. Qd2 Qc7 10. g4 b5 11. g5 Nh5 12. 0-0-0 Be7 13. Kb1 0-0 14. Be2 Rfc8 15. Nd5 Bxd5 16. exd5 Nb6 17. Rc1 Nc4 18. Bxc4 bxc4 19. Na5 c3 20. Qxc3 Qxc3 21. bxc3 Rxc3 22. Rce1 Rb8+ 23. Kc1 Rxe3 24. Rxe3 Bxg5 25. Kd2 Bxe3+ 26. Kxe3 Nf4 27. Nc6 Nxd5+ 28. Ke4 Nf6+ 29. Kf5 Rb6 30. Ne7+ Kf8 31. Nc8 Rc6 32. Nxd6 Rxd6 33. Kxe5 Rd5+ 34. Kf4 Rd2 0-1

[Event "COL Subzt 2.3.4"]
[Site "Risarald"]
[Date "2021.11.25"]
[Round "5"]
[White "Valencia Lopez, Daily Vanessa"]
[Black "Buitrago, Juan Carlos"]
[Result "0-1"]
[WhiteElo "1718"]
[BlackElo "1934"]
[PlyCount "98"]
[EventDate "2021.11.23"]
[EventType "swiss"]
[EventRounds "9"]
[EventCountry "COL"]
[SourceTitle "CBM 205 Extra"]
[Source "ChessBase"]
[SourceDate "2022.01.31"]
[SourceVersion "1"]
[SourceVersionDate "2022.01.31"]
[SourceQuality "1"]

1. e4 e5 2. Nf3 Nc6 3. Bc4 Bc5 4. c3 Nf6 5. d4 exd4 6. e5 d5 7. Bb5 Ne4 8. cxd4 Bb4+ 9. Bd2 0-0 10. 0-0 Bxd2 11. Nbxd2 Bg4 12. Bxc6 bxc6 13. Qc2 Nxd2 14. Nxd2 Qg5 15. f4 Qh6 16. Rac1 Rab8 17. Nb3 Rb6 18. Rf2 Rfb8 19. h3 Bc8 20. Qc3 g6 21. Nc5 Qh4 22. b3 h5 23. Rcf1 Bf5 24. Qe3 Qe7 25. Qe2 h4 26. Qf3 Kg7 27. Re1 Re8 28. Rfe2 Be6 29. Kh1 Reb8 30. Rg1 Re8 31. g4 hxg3 32. Rxg3 Bf5 33. Qh5 Be4+ 34. Nxe4 dxe4 35. f5 c5 36. f6+ Rxf6 37. exf6+ Qxf6 38. Kg2 cxd4 39. Qd5 Qe5 40. Rg5 f5 41. Qd7+ Re7 42. Qc6 Re6 43. Qc4 Rf6 44. Rf2 e3 45. Re2 Qe4+ 46. Kg1 Rc6 47. Qb4 Rc1+ 48. Re1 d3 49. Qa5 d2 0-1

[Event "COL Subzt 2.3.4"]
[Site "Risarald"]
[Date "2021.11.24"]
[Round "2"]
[White "Rueda Rojas, Richard Alejandro"]
[Black "Valencia Lopez, Daily Vanessa"]
[Result "0-1"]
[WhiteElo "1384"]
[BlackElo "1718"]
[PlyCount "46"]
[EventDate "2021.11.23"]
[EventType "swiss"]
[EventRounds "9"]
[EventCountry "COL"]
[SourceTitle "CBM 205 Extra"]
[Source "ChessBase"]
[SourceDate "2022.01.31"]
[SourceVersion "1"]
[SourceVersionDate "2022.01.31"]
[SourceQuality "1"]

1. e4 c5 2. Nf3 d6 3. Nc3 Nf6 4. e5 dxe5 5. Nxe5 a6 6. g3 Qc7 7. d4 cxd4 8. Qxd4 Nc6 9. Nxc6 Qxc6 10. Bg5 Bg4 11. Bxf6 gxf6 12. Qxg4 Qxh1 13. 0-0-0 Qc6 14. Bg2 Bh6+ 15. f4 Qxg2 16. Qd7+ Kf8 17. Nd5 Qe4 18. Kb1 Rg8 19. Qh3 Kg7 20. g4 Rac8 21. Ne3 Bxf4 22. Nf5+ Kh8 23. Ka1 Qxc2 0-1

[Event "Central America Carribean-ch U20 Girls"]
[Site "Pereira"]
[Date "2021.09.25"]
[Round "7"]
[White "Caicedo Anguila, Juliana Andrea"]
[Black "Valencia Lopez, Daily Vanessa"]
[Result "1-0"]
[WhiteElo "1583"]
[BlackElo "1670"]
[PlyCount "62"]
[EventDate "2021.09.21"]
[EventType "swiss"]
[EventRounds "9"]
[EventCountry "COL"]
[SourceTitle "EXT 2023"]
[Source "ChessBase"]
[SourceDate "2022.10.05"]
[SourceVersion "1"]
[SourceVersionDate "2022.10.05"]
[SourceQuality "1"]

1. d4 d5 2. Bf4 Nf6 3. Nf3 c5 4. e3 Nc6 5. dxc5 e6 6. c4 Bxc5 7. Nc3 0-0 8. Be2 d4 9. exd4 Nxd4 10. 0-0 Nxe2+ 11. Qxe2 h6 12. h3 Qe7 13. Rfd1 b6 14. Na4 Re8 15. a3 a5 16. Nxc5 Qxc5 17. b4 Qe7 18. Bd6 Qb7 19. c5 Bd7 20. Ne5 Ba4 21. Rdc1 Rac8 22. Rab1 bxc5 23. bxc5 Qd5 24. Nc4 Bc6 25. f3 Qd4+ 26. Kh1 Ra8 27. Rd1 Qh4 28. Ne5 Bd5 29. Rbc1 Nh5 30. Nc4 Qg5 31. Bh2 Bxc4 1-0

[Event "COL pre olympic sf2"]
[Site "Palmira"]
[Date "2019.05.30"]
[Round "2"]
[White "Franco Valencia, Beatriz Irene"]
[Black "Valencia Lopez, Daily Vanessa"]
[Result "1-0"]
[WhiteElo "2141"]
[BlackElo "1589"]
[PlyCount "47"]
[EventDate "2019.05.29"]
[EventType "swiss"]
[EventRounds "10"]
[EventCountry "COL"]
[SourceTitle "CBM 190 Extra"]
[Source "ChessBase"]
[SourceDate "2019.07.15"]
[SourceVersion "1"]
[SourceVersionDate "2019.07.15"]
[SourceQuality "1"]

1. d4 d5 2. Nf3 Nf6 3. e3 e6 4. Bd3 Be7 5. 0-0 0-0 6. b3 c5 7. Nbd2 b6 8. Bb2 Bb7 9. Ne5 Nbd7 10. f4 Ne4 11. Rf3 f5 12. Rh3 Ndf6 13. Bxe4 Nxe4 14. Nxe4 dxe4 15. Qh5 h6 16. Rg3 Bf6 17. Qxh6 Qe8 18. dxc5 bxc5 19. Rb1 Rd8 20. Nd7 Rxd7 21. Bxf6 Rff7 22. Be5 Qe7 23. Qg6 Kf8 24. Rh3 1-0

[Event "COL-chT Interligas (Women)"]
[Site "Palmira"]
[Date "2019.04.27"]
[Round "2.1"]
[White "Rivera, Ingris"]
[Black "Valencia Lopez, Daily Vanessa"]
[Result "1-0"]
[WhiteElo "2197"]
[BlackElo "1606"]
[PlyCount "75"]
[EventDate "2019.04.27"]
[EventType "team-swiss"]
[EventRounds "6"]
[EventCountry "COL"]
[SourceTitle "CBM 190 Extra"]
[Source "ChessBase"]
[SourceDate "2019.07.15"]
[SourceVersion "1"]
[SourceVersionDate "2019.07.15"]
[SourceQuality "1"]
[WhiteTeam "Bolivar (W)"]
[BlackTeam "Caqueta (W)"]
[WhiteTeamCountry "COL"]
[BlackTeamCountry "COL"]

1. d4 d5 2. c4 e6 3. cxd5 exd5 4. Nc3 c6 5. Qc2 Bd6 6. Nf3 Nf6 7. Bg5 Nbd7 8. e3 0-0 9. Bd3 h6 10. Bh4 Re8 11. 0-0 Qc7 12. Rac1 a6 13. Bf5 Kh8 14. Bxd7 Qxd7 15. Na4 Qf5 16. Qb3 Rb8 17. Bg3 Bxg3 18. hxg3 Bd7 19. Nc5 Rec8 20. Ne5 Be8 21. f3 Qg5 22. g4 Kg8 23. g3 Nh7 24. Ncd7 Bxd7 25. Nxd7 Qg6 26. Nxb8 Rxb8 27. Qc2 Qd6 28. Kg2 Nf6 29. Qf5 Qb4 30. Rf2 Re8 31. g5 hxg5 32. Qxg5 Nh7 33. Qh4 Qd6 34. Rh1 Qg6 35. Re2 f6 36. Qh5 Qxh5 37. Rxh5 Ng5 38. Kf2 1-0

[Event "Caqueta Florencia op 5th"]
[Site "Florencia"]
[Date "2018.12.03"]
[Round "5"]
[White "Valencia Lopez, Daily Vanessa"]
[Black "Remicio Duque, John H"]
[Result "0-1"]
[WhiteElo "1593"]
[BlackElo "2064"]
[PlyCount "42"]
[EventDate "2018.11.30"]
[EventType "swiss"]
[EventRounds "7"]
[EventCountry "COL"]
[SourceTitle "EXT 2020"]
[Source "ChessBase"]
[SourceDate "2019.10.17"]
[SourceVersion "1"]
[SourceVersionDate "2019.10.17"]
[SourceQuality "1"]

1. e4 c5 2. Nf3 d6 3. d4 cxd4 4. Nxd4 Nf6 5. Nc3 g6 6. f4 Nc6 7. Be2 Bg7 8. Nb3 Be6 9. Be3 0-0 10. g4 Rc8 11. f5 Bxb3 12. axb3 Ne5 13. g5 Rxc3 14. gxf6 Rxe3 15. fxg7 Kxg7 16. Ra4 Qb6 17. Kd2 Rc8 18. h4 Rg3 19. Qf1 Rxc2+ 20. Kxc2 Qxb3+ 21. Kb1 Qxa4 0-1

[Event "Caqueta Florencia op 5th"]
[Site "Florencia"]
[Date "2018.12.02"]
[Round "4"]
[White "Valencia Lopez, Daily Vanessa"]
[Black "Agudelo, Juan Sebastian"]
[Result "1/2-1/2"]
[WhiteElo "1593"]
[BlackElo "1407"]
[PlyCount "67"]
[EventDate "2018.11.30"]
[EventType "swiss"]
[EventRounds "7"]
[EventCountry "COL"]
[SourceTitle "EXT 2020"]
[Source "ChessBase"]
[SourceDate "2019.10.17"]
[SourceVersion "1"]
[SourceVersionDate "2019.10.17"]
[SourceQuality "1"]

1. e4 c5 2. Nf3 d6 3. d4 cxd4 4. Nxd4 Nf6 5. Nc3 a6 6. Bg5 e6 7. f4 Be7 8. Qf3 h6 9. Bxf6 Bxf6 10. 0-0-0 Qc7 11. g4 Nc6 12. Nce2 Qb6 13. Nb3 Na5 14. Qd3 Nxb3+ 15. axb3 d5 16. e5 Be7 17. Nd4 Bd7 18. f5 0-0-0 19. Bg2 h5 20. h3 Rh6 21. Kb1 Qc7 22. Rde1 Kb8 23. Rhf1 hxg4 24. hxg4 Qb6 25. Rd1 Rh2 26. Qg3 Rdh8 27. fxe6 Bxe6 28. Nxe6 fxe6 29. Rf7 Bc5 30. Rxg7 Bf2 31. Qf3 Qc5 32. Qf7 Qb6 33. Qf3 Qc5 34. Qf7 1/2-1/2

[Event "Bogota sf3 U18"]
[Site "Bogota"]
[Date "2018.03.31"]
[Round "4.7"]
[White "Escobar, Miguel A"]
[Black "Valencia Lopez, Daily Vanessa"]
[Result "0-1"]
[WhiteElo "1319"]
[BlackElo "1648"]
[PlyCount "100"]
[EventDate "2018.03.29"]
[EventType "swiss"]
[EventRounds "6"]
[EventCountry "COL"]
[SourceTitle "EXT 2024"]
[Source "ChessBase"]
[SourceDate "2023.10.10"]
[SourceVersion "1"]
[SourceVersionDate "2023.10.10"]
[SourceQuality "1"]

1. e4 c5 2. Nf3 d6 3. d4 cxd4 4. Nxd4 Nf6 5. Nc3 a6 6. Be2 e5 7. Nf3 Be6 8. Bg5 Be7 9. Qd2 Nbd7 10. 0-0-0 Qc7 11. Kb1 b5 12. Bd3 Nc5 13. Rhe1 Rb8 14. Bf1 Qa5 15. Bxf6 gxf6 16. Nd5 Qxd2 17. Rxd2 Bxd5 18. Rxd5 Rg8 19. Nh4 Kd7 20. Nf5 Bf8 21. f3 Kc7 22. Red1 Rb6 23. b3 Ne6 24. g3 Rc6 25. Kb2 Ng5 26. Bg2 Ne6 27. R1d3 Nc5 28. Rc3 b4 29. Rc4 Na4+ 30. Kc1 Nc3 31. Ra5 Rxc4 32. bxc4 Kb6 33. Rd5 Nxd5 34. cxd5 Kc5 35. Kb2 h5 36. c3 bxc3+ 37. Kxc3 Rh8 38. Bf1 a5 39. Kb3 Bh6 40. Nxh6 Rxh6 41. Ka4 Kb6 42. Bb5 h4 43. g4 Rh8 44. Bd7 Ra8 45. Bc6 Ra7 46. a3 Rc7 47. h3 Kc5 48. Bb5 Rb7 49. Be2 Rb2 50. Bd1 Kb6 0-1